Chemical - Post Malone (All Lyrics) - Statistics

General Stats
  • This quiz has been taken 139 times
  • The average score is 191 of 237
Answer Stats
Lyrics % Correct
I
100%
chemical.
99%
a
97%
it
96%
the
95%
you
95%
You
95%
you.
95%
all
92%
It's
92%
it's
92%
to
90%
go,
89%
go.
89%
No,
89%
no
89%
I'm
86%
in
86%
do.
85%
me,
85%
me
85%
And
84%
can't
84%
feel
84%
let
84%
my
84%
okay.
84%
and
82%
makin'
81%
same.
81%
When
81%
with
81%
out
79%
f*ck
78%
too.
78%
too
78%
doesn't
77%
that
77%
break
75%
but
75%
come
75%
party,
75%
Tell
75%
tell
75%
time
75%
back
74%
day.
74%
down,
74%
smokin'
74%
sorry,
74%
Army,
73%
car
73%
fight
73%
gotta
73%
Last
73%
last
73%
of
73%
'round,
73%
rules.
73%
Seven
73%
then
73%
what
73%
bar
71%
end
71%
if
71%
Nation
71%
up,
71%
was
71%
around
70%
fightin'
70%
make
70%
still.
70%
'Cause
68%
Every
68%
know,
68%
Oxytocin
68%
couldn't
67%
brains.
66%
change.
66%
for
66%
Outside
66%
outside
66%
tried.
66%
f*cked
64%
ready
64%
sittin'
64%
at
63%
Now
63%
turn
63%
late
62%
waitin'
62%
world
62%
leave
58%
get
53%
there's
53%
away,
49%
face.
49%
save
49%
maybe
48%
ain't
42%
fate,
42%
tryna
42%
mistakes.
40%
No matching quizzes found
Score Distribution
Percent of People with Each Score
Percentile by Number Answered
Your Score History
You have not taken this quiz